000 00508nam a22001817a 4500
003 CEME
005 20210628202814.0
008 210118b xxu||||| |||| 00| 0 eng d
020 _a0-7503-1038-3
040 _c.
082 _a621.37 TUM
100 _aTumanski, S
_961718
245 _aPrinciples of electrical measurement
260 _aNEW DELHI
_bTAYLOR AND FRANCIS
_c2006
300 _aXII,475 P
650 _aELECTRIC MEASUREMENT. ELECTRONIC MEASUREMENTS.SIGNAL PROCESSING
_961719
942 _cBK
_2ddc
999 _c571074
_d571074